Memoria 02 / El Far
Descripción Física:
42 p. : il., taules, gràf. ; 21 cm
MARC
| LEADER | 00000nam a2200000Ia 4500 | ||
|---|---|---|---|
| 001 | 16569 | ||
| 003 | BGR | ||
| 005 | 20260324175727.0 | ||
| 008 | 160829s9999 xx 000 0 cat d | ||
| 080 | |a FU-43-34 | ||
| 110 | 2 | |a El Far |9 70740 | |
| 245 | |a Memoria 02 / El Far | ||
| 260 | |a [Barcelona] : |b Consorci El Far, Centre dels treballs del mar [2002] | ||
| 300 | |a 42 p. : |b il., taules, gràf. ; |c 21 cm | ||
| 650 | |a Consorci El Far, Centre dels treballs del mar |x Memòries |9 39243 | ||
| 710 | 2 | |a Consorci El Far, Centre dels Treballs del Mar |9 70739 | |
| 901 | |a Arxiu | ||
| 942 | |n 1 |2 udc |c MON | ||
| 952 | |0 0 |1 0 |4 0 |6 FU4334 |7 1 |9 48886 |a Arxiu |b Arxiu |d 2016-12-01 |l 0 |o FU-43-34 |p 16569 |r 2016-12-01 00:00:00 |w 2016-12-01 |y ARXIU | ||
| 999 | |c 52721 |d 52721 | ||